Perplejidades y paradojas de la vida intelectual /

Contiene: La vida intelectual como ideal; Vida intelectual y felicidad; El intelectual en la polis; El intelectual en los movimientos sociales; El compromiso intelectual en los medios de comunicación; El intelectual y la universidad: la reanimación intelectual de la vida universitaria, el sentido de...

Descripció completa

Guardat en:
Dades bibliogràfiques
Autor principal: Torralba Roselló, Francesc (edición)
Altres autors: Esquirol i Calaf, Josep Maria (edición) (edición)
Format: Llibre
Idioma:espanyol
Publicat: Madrid, España : Caparrós : Fundación Emmanuel Mounier, 2000, c2000
Col·lecció:(Esprit ; 39)
Matèries:
Etiquetes: Afegir etiqueta
Sense etiquetes, Sigues el primer a etiquetar aquest registre!

MARC

LEADER 00000nam^a2200000^a^4500
001 000136792
005 20250521000000.0
009 20260310095329.928
020 |a 84-87943-81-0 
037 |a Acervo ITESO - Biblioteca 
041 |a ESP 
082 |a 305. 552  |b TOR 
100 |a Torralba Roselló, Francesc  |e (edición) 
245 1 0 |a Perplejidades y paradojas de la vida intelectual /  |c Ed. de F. Torralba Roselló, J.M. Esquirol i Calaf. 
264 4 |a Madrid, España :  |b Caparrós :  |b Fundación Emmanuel Mounier,  |c 2000, c2000 
300 |a 178 p. 
336 |a texto  |b txt  |2 rdacontenido 
337 |a sin mediación  |b n  |2 rdamedio 
338 |a volumen  |b nc  |2 rdasoporte 
440 1 |a (Esprit ;  |v 39) 
520 |a Contiene: La vida intelectual como ideal; Vida intelectual y felicidad; El intelectual en la polis; El intelectual en los movimientos sociales; El compromiso intelectual en los medios de comunicación; El intelectual y la universidad: la reanimación intelectual de la vida universitaria, el sentido de la universidad y la comunidad intelectual de estudio; Nomadismo e intemperie; Metamorfosis del intelectual católico. 
649 |a XX 
650 |a Intelectuales -  |x Historia y Crítica 
650 |a Intelectuales -  |x Condiciones Sociales y Culturales 
650 |a Conocimiento 
650 |a Felicidad 
650 |a Movimientos Sociales 
650 |a Medios de Comunicación 
650 |a Universidades -  |x Aspectos Eticos 
650 |a Educación Superior -  |x Aspectos Eticos 
650 |a Sociología del Conocimiento 
650 |a Etica 
650 |a Catolicismo 
650 |a Cristianismo 
650 |a Religión 
650 |a Intelectuales y Estado 
650 |a Intelectuales y Sociedad 
700 |a Esquirol i Calaf, Josep Maria  |e (edición) 
910 |a Fondo General 
920 |a Impresos - Libros 
930 |a Colección General 
905 |a 101 
901 |a 0500065482  |b IT1  |c ACC  |u 20250521 
902 |a https://opac.biblio.iteso.mx/vufind/Record/000136792